000 00360nam a2200145 i 4500
001 bg
100 1 _aTORRILSON, Dż. M.
245 0 _aNeustojciwosti i katastrofy w nauke i technike /
_cDż.M. Torrilson.
260 _aMoskwa :
_b"Mir",
_c1985.
040 _cBPK
041 _apol
080 _a53
942 _cKS
008 s pl f |000 0 pol
999 _c28226
_d28226
856 _uhttp://koha.tu.koszalin.pl/cgi-bin/koha/opac-detail.pl?biblionumber=28226
_yKatalog online BPK